| 000 | 00292 a2200133 4500 | ||
|---|---|---|---|
| 999 |
_c321161 _d321161 |
||
| 001 | 86088 | ||
| 003 | NUST | ||
| 005 | 20180122091010.0 | ||
| 008 | 180122b xxu||||| |||| 00| 0 eng d | ||
| 082 | _a370 ASH | ||
| 100 |
_aAshfaq Ahmad _93162 |
||
| 245 |
_aZaviya-II _hUrdu |
||
| 260 |
_aLahore _bSang-e-Meel _c2010 |
||
| 300 | _a320p. | ||
| 500 | _aPAF book Club | ||
| 942 |
_aNUST-CAE _k370 ASH _cBK _2ddc |
||